000 00387nam a22001337a 4500
005 20250901165209.0
008 210217b ||||| |||| 00| 0 eng d
020 _a0538851341
050 _aHF 5635 .I484 1995
245 _aFINANCIAL ACCOUNTING
_cINGRAM, ROBERT W.
250 _a2ND ED.
260 _aU.S.A.
_bSOUTH-WESTERN COLLEGE
_c1995
942 _2lcc
_hHF 5635 .I484 1995
999 _c174
_d174